Les prénoms qui ont un sens W, X, Y et Z - Statistiques

Statistiques générales
  • Ce quiz a été pris 42 fois
  • Le résultat moyen est 4 sur 20
Statistiques - réponses
Sens Sexe Prénom Célébrité ou personnage % Correct
Dieu fait grâce M Yann Queffélec
83%
If M Yves Montand
75%
Maison neuve M Xavier de Maistre
68%
Vie F Zoé Shepard
65%
Dieu fait grâce M Yanis Tsarouchis
33%
Petite fleur F Yolande Moreau
33%
Lignée F Wendy Bouchard
18%
Dieu se souvient M Zacharie Noah
18%
Solennité F Zélie Jobert
10%
Qui veut protéger M Wilfrid Hounkpatin
8%
Vent du Nord-ouest M Zéphirin -
8%
Branche fine F Wanda Sykes
5%
Dieu est ma demeure F Ysaline -
5%
Voix de l'étranger M Xénophon Papadopulos
3%
Arbuste F Yveline -
3%
Celui qui gouverne M Waleran -
0%
Otage itinérant M Wandrille -
0%
Tirée d'hébreu F Yeva -
0%
Belle F Ysolde Heyne
0%
Etranger M Zénobe Gramme
0%
Aucun quiz correspondant
Distribution des résultats
% des personnes avec chaque résultat
Percentile par nombre de réponses
Votre historique - résultats
Vous n’avez pas pris ce quiz